[Event "2022 Zone 4.2 Individual Chess Championship Open"]
[Site "Lome, Hotel Saint Manick Annexe"]
[Date "2022.03.20"]
[Round "1"]
[Board "1"]
[White "Toure, Yves"]
[Black "Ortega Amarelle, Mariano"]
[Result "0-1"]
[WhiteElo "1788"]
[BlackElo "2472"]
[PlyCount "49"]
[EventDate "2022.03.20"]
[EventRounds "9"]
[EventCountry "TOG"]

{245MB, Fritz13.ctg, USER-PC} 1. d4 Nf6 2. Nf3 d5 3. Bf4 c5 4. e3 Nc6 5. c3 Qb6
6. Qb3 c4 7. Qc2 Bf5 8. Qc1 e6 9. Nbd2 Qa5 10. b3 Ba3 11. b4 Qa4 12. Qd1 Bc2
13. Qe2 Bb2 14. g4 Bxa1 15. Bh3 Bd3 16. Qd1 Qxd1+ 17. Kxd1 Bxc3 18. b5 Na5 19.
Ne5 O-O 20. f3 Rfc8 21. Bg5 Ne8 22. Nxd3 cxd3 23. Bf1 Bxd2 24. Kxd2 Rc7 25.
Kxd3  0-1

[Event "2022 Zone 4.2 Individual Chess Championship Open"]
[Site "Lome, Hotel Saint Manick Annexe"]
[Date "2022.03.20"]
[Round "1"]
[Board "2"]
[White "Balogun, Oluwafemi"]
[Black "Amewounou, Komlan Kouessan"]
[Result "1-0"]
[WhiteElo "2308"]
[BlackElo "1703"]
[PlyCount "54"]
[EventDate "2022.03.20"]
[EventRounds "9"]
[EventCountry "TOG"]

{245MB, Fritz13.ctg, USER-PC} 1. e4 d6 2. d4 Nf6 3. Nc3 g6 4. Nf3 Bg7 5. h3
c6 6. a4 O-O 7. Be3 Qa5 8. Nd2 e5 9. Nc4 Qc7 10. Be2 Nbd7 11. O-O Re8 12.
d5 a5 13. Qd2 Nf8 14. Rad1 Nxe4 15. Nxe4 f5 16. dxc6 fxe4 17. Qxd6 Qxc6 18.
Bc5 Qxd6 19. Rxd6 Re7 20. Rd8 b6 21. Bxb6 Bb7 22. Rfd1 Rc8 23. Rxc8 Bxc8
24. Rd8 Be6 25. Nxa5 Bh6 26. Nc6 Rd7 27. a5 Bg5  1-0

[Event "2022 Zone 4.2 Individual Chess Championship Open"]
[Site "Lome, Hotel Saint Manick Annexe"]
[Date "2022.03.20"]
[Round "1"]
[Board "3"]
[White "Egbe, Kossi Thierry"]
[Black "Etukakpan, Leonard"]
[Result "0-1"]
[WhiteElo "1686"]
[BlackElo "2197"]
[PlyCount "76"]
[EventDate "2022.03.20"]
[EventRounds "9"]
[EventCountry "TOG"]

1. e4 e6 2. d4 d5 3. exd5 exd5 4. Bd3 Nf6 5. h3 c5 6. dxc5 Bxc5 7. Nf3 O-O 8.
O-O Qd6 9. Nc3 h6 10. Bg5 Bxh3 11. gxh3 Qg3+ 12. Kh1 Qxh3+ 13. Nh2 Bd6 14. f4
Nh5 15. Rf3 Ng3+ 16. Kg1 Bc5+ 17. Rf2 Bxf2+ 18. Kxf2 Qxh2+ 19. Kf3 f6 20. Bh4
Qxh4 21. Qe1 Nc6 22. Qxg3 Qxg3+ 23. Kxg3 Rad8 24. Rh1 f5 25. Re1 d4 26. Na4 Nb4
27. Nc5 Nxd3 28. cxd3 Rfe8 29. Rd1 Re3+ 30. Kf2 Rc8 31. Rc1 b6 32. Nb3 Rxc1 33.
Nxc1 a6 34. Nb3 Rxd3 35. Ke2 Re3+ 36. Kd2 Re4 37. Kd3 Rxf4 38. Nxd4 Rxd4+  0-1

[Event "2022 Zone 4.2 Individual Chess Championship Open"]
[Site "Lome, Hotel Saint Manick Annexe"]
[Date "2022.03.20"]
[Round "1"]
[Board "4"]
[White "Onokpite, Kennedy"]
[Black "Attade, Josias Prosper"]
[Result "1-0"]
[WhiteElo "2172"]
[BlackElo "1553"]
[PlyCount "133"]
[EventDate "2022.03.20"]
[EventRounds "9"]
[EventCountry "TOG"]

1. d4 Nf6 2. Bf4 d5 3. e3 c6 4. c4 Bg4 5. Qb3 Qb6 6. Nc3 e6 7. h3 Bh5 8. Nf3
Nbd7 9. c5 Qxb3 10. axb3 Be7 11. b4 O-O 12. b5 cxb5 13. Bxb5 a6 14. Ba4 Rfd8
15. O-O Ne4 16. Nxe4 dxe4 17. Bxd7 exf3 18. Ba4 Rac8 19. g4 Bg6 20. Rfc1 Be4
21. b4 g5 22. Bg3 Kg7 23. Bc2 Bc6 24. Bd3 h5 25. Kf1 hxg4 26. hxg4 Rh8 27. Ke1
Rh3 28. Kd2 Rch8 29. e4 Rd8 30. Ke3 Bf6 31. e5 Be7 32. Rh1 Rxh1 33. Rxh1 Rd7
34. Ra1 Rd8 35. Rh1 Rd7 36. Rd1 Bd8 37. Be4 a5 38. Bxf3 axb4 39. Bxc6 bxc6 40.
Rb1 Rb7 41. Rb3 Kg6 42. f3 Rb8 43. Kd3 Ba5 44. Kc4 Rh8 45. Be1 Rh1 46. Bxb4 Ra1
47. Bxa5 Rxa5 48. Rb6 Ra4+ 49. Kd3 Ra3+ 50. Ke4 Rc3 51. Rxc6 Rc4 52. Kd3 Rc1
53. Rd6 Kg7 54. Ra6 Kf8 55. Ra4 Ke8 56. Rc4 Rf1 57. Ke2 Ra1 58. Rb4 Ra2+ 59.
Ke3 Rc2 60. Rb8+ Ke7 61. Rg8 Rc3+ 62. Ke4 f5+ 63. gxf5 exf5+ 64. Kxf5 Rxf3+ 65.
Ke4 Rf4+ 66. Ke3 Rf5 67. c6  1-0

[Event "2022 Zone 4.2 Individual Chess Championship Open"]
[Site "Lome, Hotel Saint Manick Annexe"]
[Date "2022.03.20"]
[Round "1"]
[Board "5"]
[White "Assagba, Kodjo Mawuli"]
[Black "De Gondo, Simplice Armel"]
[Result "0-1"]
[WhiteElo "1529"]
[BlackElo "2119"]
[PlyCount "44"]
[EventDate "2022.03.20"]
[EventRounds "9"]
[EventCountry "TOG"]

1. Nf3 d5 2. d4 Bg4 3. Bf4 e6 4. Nbd2 Bd6 5. Bxd6 Qxd6 6. e3 Nd7 7. Be2 Ngf6 8.
O-O O-O 9. a3 c5 10. c4 b6 11. Rc1 Rfd8 12. Re1 h6 13. Kh1 Rac8 14. Qa4 Bxf3
15. Nxf3 Ne4 16. Rf1 Ndf6 17. b4 cxb4 18. axb4 dxc4 19. Bxc4 Rc7 20. Ba6 Ng4
21. Rxc7 Qxc7 22. Bd3 Nexf2+  0-1

[Event "2022 Zone 4.2 Individual Chess Championship Open"]
[Site "Lome, Hotel Saint Manick Annexe"]
[Date "2022.03.20"]
[Round "1"]
[Board "6"]
[White "Bobby, Ballah"]
[Black "Ballebako, Kokou Difendramakada Jacques"]
[Result "1-0"]
[WhiteElo "2040"]
[BlackElo "1508"]
[PlyCount "108"]
[EventDate "2022.03.20"]
[EventRounds "9"]
[EventCountry "TOG"]

1. e4 c5 2. Nf3 d6 3. d4 cxd4 4. Nxd4 Nf6 5. Nc3 a6 6. Be3 e5 7. Nb3 Be6 8. f3
Be7 9. Qd2 O-O 10. h4 d5 11. exd5 Nxd5 12. O-O-O Nxe3 13. Qxe3 Qc7 14. Bd3 Nc6
15. Nc5 Qb6 16. N3a4 Bxc5 17. Qxc5 Qb4 18. Qxb4 Nxb4 19. Nc5 Nxa2+ 20. Kb1 Nb4
21. Nxe6 fxe6 22. Bc4 Rf6 23. Rd7 b5 24. Bb3 Nc6 25. c3 b4 26. cxb4 Nxb4 27.
Rc1 Nd5 28. Rxd5 a5 29. Rd6 Rb8 30. Ka2 Rf4 31. Bxe6+ Kf8 32. Rc8+ Rxc8 33.
Bxc8 Rxh4 34. Rd5 Ra4+ 35. Kb1 e4 36. fxe4 Rxe4 37. Rxa5 Ke7 38. Bb7 Rb4 39.
Bf3 h6 40. Ka2 Kf6 41. Ka3 Rf4 42. b4 g5 43. b5 g4 44. Ba8 Rf1 45. b6 Ra1+ 46.
Kb4 Rb1+ 47. Kc5 Rc1+ 48. Kb5 Rb1+ 49. Ka6 Re1 50. b7 Re6+ 51. Ka7 Re7 52. Kb6
Re6+ 53. Kc7 Re7+ 54. Kd8 Rh7  1-0

[Event "2022 Zone 4.2 Individual Chess Championship Open"]
[Site "Lome, Hotel Saint Manick Annexe"]
[Date "2022.03.21"]
[Round "2"]
[Board "1"]
[White "Ortega Amarelle, Mariano"]
[Black "Kamara, Ansumana"]
[Result "1-0"]
[WhiteElo "2472"]
[BlackElo "1899"]
[PlyCount "147"]
[EventDate "2022.03.20"]
[EventRounds "9"]
[EventCountry "TOG"]

1. d4 Nf6 2. c4 g6 3. Nc3 Bg7 4. e4 d6 5. Be2 O-O 6. Be3 Nc6 7. d5 Nb8 8.
Nf3 e5 9. Nd2 Nfd7 10. g4 a5 11. h4 Na6 12. a3 Nac5 13. b4 axb4 14. axb4
Rxa1 15. Qxa1 Na6 16. Qa3 Nf6 17. Rg1 Nd7 18. g5 f5 19. f3 f4 20. Bf2 Rf7
21. Bf1 Bf8 22. Qa5 b6 23. Qa4 Ndb8 24. Qa3 Kg7 25. Rh1 Be7 26. Bh3 Bxh3
27. Rxh3 Qc8 28. Rh1 Rf8 29. Nb5 Rh8 30. Na7 Qd7 31. Nc6 Nxc6 32. dxc6 Qc8
33. Ke2 h6 34. Ra1 Nb8 35. b5 hxg5 36. hxg5 Bxg5 37. Rg1 Be7 38. Qa7 Kf7
39. Rg4 Rh2 40. Nf1 Rh3 41. Rg2 Qe6 42. Nd2 Qc8 43. Bg1 g5 44. Bf2 Kf6 45.
Nf1 Rh8 46. Rh2 Rxh2 47. Nxh2 Bd8 48. Ng4+ Kg6 49. Kd3 Bf6 50. Qa3 Qe8 51.
Bxb6 cxb6 52. Qxd6 Qd8 53. Nxe5+ Kg7 54. Qxd8 Bxd8 55. Kd4 Kf6 56. Kd5 Bc7
57. Ng4+ Ke7 58. c5 bxc5 59. Kxc5 Ke6 60. b6 Bd6+ 61. Kb5 Nxc6 62. Kxc6 Bb8
63. Kb7 Bd6 64. Kc8 Bc5 65. b7 Ba7 66. b8=Q Bxb8 67. Kxb8 Kd6 68. Kc8 Kc5
69. e5 Kd5 70. Kd7 Kd4 71. e6 Kd3 72. e7 Ke2 73. Ne5 g4 74. fxg4  1-0

[Event "2022 Zone 4.2 Individual Chess Championship Open"]
[Site "Lome, Hotel Saint Manick Annexe"]
[Date "2022.03.21"]
[Round "2"]
[Board "2"]
[White "Adu-Poku, Kwabena"]
[Black "Balogun, Oluwafemi"]
[Result "1/2-1/2"]
[WhiteElo "1950"]
[BlackElo "2308"]
[PlyCount "150"]
[EventDate "2022.03.20"]
[EventRounds "9"]
[EventCountry "TOG"]

1. d4 Nf6 2. c4 g6 3. Nc3 Bg7 4. g3 O-O 5. Bg2 d6 6. Nf3 Nbd7 7. O-O e5 8.
e4 Re8 9. h3 exd4 10. Nxd4 a6 11. Re1 Rb8 12. Rb1 Ne5 13. b3 c5 14. Nc2 b5
15. f4 Ned7 16. Qxd6 Nh5 17. Ne2 bxc4 18. g4 Bf8 19. Qd2 Ng7 20. Ne3 cxb3
21. axb3 Ne6 22. g5 h5 23. Nd5 Bb7 24. f5 Nc7 25. fxg6 fxg6 26. Nef4 Bxd5
27. Nxd5 Ne6 28. Rf1 Bg7 29. Nf6+ Nxf6 30. gxf6 Bxf6 31. Qh6 Nf8 32. Rxf6
Qxf6 33. Bb2 Re5 34. Bxe5 Qxe5 35. Rf1 Qg7 36. Qf4 Re8 37. Rd1 Qf7 38. Qe3
Ne6 39. Rd6 a5 40. e5 Qf4 41. Qxf4 Nxf4 42. Rf6 Ne2+ 43. Kf2 Rxe5 44. Rxg6+
Kf7 45. Ra6 Nd4 46. Bf1 Rf5+ 47. Kg2 Kg7 48. Bc4 h4 49. Rxa5 Nc2 50. Ra7+
Kf8 51. Rc7 Ne3+ 52. Kg1 Ke8 53. Bb5+ Kd8 54. Rd7+ Kc8 55. Re7 Rg5+ 56. Kf2
Nd1+ 57. Kf1 Nc3 58. Ba6+ Kd8 59. Rh7 Rf5+ 60. Kg2 Rf4 61. Rh5 Ne4 62. Bd3
Nd2 63. Rxc5 Nxb3 64. Rc4 Nd4 65. Bf5 Ke7 66. Bg4 Kf6 67. Rc8 Re4 68. Rh8
Re1 69. Rxh4 Kg5 70. Rh5+ Kf4 71. Rh8 Rc1 72. Rf8+ Kg5 73. Rg8+ Kf4 74.
Rf8+ Kg5 75. Rg8+ Kf4  1/2-1/2

[Event "2022 Zone 4.2 Individual Chess Championship Open"]
[Site "Lome, Hotel Saint Manick Annexe"]
[Date "2022.03.21"]
[Round "2"]
[Board "3"]
[White "Etukakpan, Leonard"]
[Black "Oluwadara, Adegbayi"]
[Result "1-0"]
[WhiteElo "2197"]
[BlackElo "1898"]
[PlyCount "120"]
[EventDate "2022.03.20"]
[EventRounds "9"]
[EventCountry "TOG"]

1. d4 Nf6 2. Nf3 e6 3. c4 d5 4. Nc3 Be7 5. Bg5 Nbd7 6. e3 h6 7. Bh4 O-O 8.
Bd3 b6 9. O-O Bb7 10. Qe2 Ne4 11. Bxe7 Qxe7 12. cxd5 exd5 13. Rac1 c5 14.
Ba6 Bc6 15. dxc5 bxc5 16. Rfd1 Ndf6 17. Nxe4 Nxe4 18. Nd4 Ba4 19. Nf5 Qf6
20. b3 Bd7 21. Ng3 Nc3 22. Rxc3 Qxc3 23. Bb7 Rad8 24. Bxd5 Be6 25. Bxe6
Rxd1+ 26. Qxd1 fxe6 27. Ne4 Qb2 28. f3 c4 29. bxc4 Qxa2 30. c5 Rb8 31. Nc3
Qc4 32. Qd4 Rb4 33. Qe5 Rb2 34. h3 a5 35. Ne4 Qa2 36. Qg3 Rb1+ 37. Kh2 Qa1
38. Qg6 Qe5+ 39. f4 Qf5 40. Nf6+ Qxf6 41. Qxb1 Qc3 42. Qb8+ Kh7 43. Qe5 Qc4
44. Qd4 Qc2 45. Qd6 a4 46. c6 a3 47. c7 a2 48. Qxe6 Qxc7 49. Qxa2 Qe7 50.
Qc2+ Kh8 51. e4 h5 52. Qc8+ Kh7 53. Qf5+ g6 54. Qe5 Qh4 55. Qg5 Qxg5 56.
fxg5 Kg7 57. h4 Kf7 58. Kg3 Ke6 59. Kf4 Kd6 60. g4 hxg4  1-0

[Event "2022 Zone 4.2 Individual Chess Championship Open"]
[Site "Lome, Hotel Saint Manick Annexe"]
[Date "2022.03.21"]
[Round "2"]
[Board "4"]
[White "Atabor, Job"]
[Black "Onokpite, Kennedy"]
[Result "1-0"]
[WhiteElo "1909"]
[BlackElo "2172"]
[PlyCount "63"]
[EventDate "2022.03.20"]
[EventRounds "9"]
[EventCountry "TOG"]

1. d4 d5 2. Nf3 Nf6 3. g3 Bf5 4. c4 c6 5. Nc3 e6 6. Bg2 Be7 7. O-O O-O 8.
b3 Nbd7 9. Nd2 Nb6 10. e4 Bb4 11. Nxd5 exd5 12. exf5 Bc3 13. Rb1 dxc4 14.
Ba3 Re8 15. Nxc4 Qxd4 16. Nd6 Qxd1 17. Rfxd1 Re2 18. Nxb7 Rxa2 19. Bd6 Nbd5
20. Rbc1 Re8 21. Bxd5 Nxd5 22. Rxd5 cxd5 23. Rxc3 h5 24. Bc5 Re5 25. Nd6
Rd2 26. Bxa7 d4 27. Rc8+ Kh7 28. h4 Re1+ 29. Kg2 Ree2 30. Bxd4 Rxd4 31.
Nxf7 g5 32. Nxg5+  1-0

[Event "2022 Zone 4.2 Individual Chess Championship Open"]
[Site "Lome, Hotel Saint Manick Annexe"]
[Date "2022.03.21"]
[Round "2"]
[Board "6"]
[White "Amako, Marc Arnold"]
[Black "Bobby, Ballah"]
[Result "1-0"]
[WhiteElo "1429"]
[BlackElo "2040"]
[PlyCount "145"]
[EventDate "2022.03.20"]
[EventRounds "9"]
[EventCountry "TOG"]

1. e4 Nf6 2. e5 Nd5 3. d4 d6 4. c4 Nb6 5. exd6 cxd6 6. Nc3 g6 7. Be3 Bg7 8.
Rc1 O-O 9. b3 Nc6 10. d5 Ne5 11. Be2 Bf5 12. f4 Ned7 13. g4 Bxc3+ 14. Rxc3
Be4 15. Bf3 Bxf3 16. Nxf3 Nf6 17. Nd4 Ne4 18. Rc2 e5 19. dxe6 Qh4+ 20. Bf2
Nxf2 21. Rxf2 Rae8 22. O-O fxe6 23. f5 exf5 24. gxf5 Re4 25. Ne2 Rg4+ 26.
Ng3 gxf5 27. Qxd6 f4 28. Rg2 Rg6 29. Qc5 Rf7 30. Nh5 Nd7 31. Qd5 Nb6 32.
Qe5 Nd7 33. Qe8+ Nf8 34. Ng3 Re7 35. Qb8 Rf7 36. Qe8 Re7 37. Qd8 f3 38.
Qd5+ Ne6 39. Rxf3 Qd4+ 40. Qxd4 Nxd4 41. Rf1 Ne2+ 42. Nxe2 Rxe2 43. Rxg6+
hxg6 44. Rf2 Re3 45. Rd2 Re7 46. Kf2 Kf7 47. Kf3 Kf6 48. h4 b6 49. Kf4 Kg7
50. Rd5 Kh6 51. a4 Re1 52. a5 Rf1+ 53. Kg3 Rb1 54. Rb5 bxa5 55. Kf4 a6 56.
Rxa5 Rxb3 57. Rxa6 Rb4 58. Rc6 Kh5 59. Rc8 Kh6 60. Kg4 Ra4 61. Rc6 Kg7 62.
Kg5 Ra5+ 63. c5 Kf7 64. Rc7+ Ke8 65. Kxg6 Kd8 66. Rf7 Rxc5 67. h5 Ke8 68.
Rf6 Rc1 69. h6 Rg1+ 70. Kh7 Ke7 71. Rg6 Ra1 72. Kg7 Ra7 73. h7  1-0

[Event "2022 Zone 4.2 Individual Chess Championship Open"]
[Site "Lome, Hotel Saint Manick Annexe"]
[Date "2022.03.21"]
[Round "3"]
[Board "1"]
[White "De Gondo, Simplice Armel"]
[Black "Ortega Amarelle, Mariano"]
[Result "0-1"]
[WhiteElo "2119"]
[BlackElo "2472"]
[PlyCount "64"]
[EventDate "2022.03.20"]
[EventRounds "9"]
[EventCountry "TOG"]

1. e4 c5 2. Nc3 Nc6 3. f4 g6 4. Nf3 Bg7 5. Bb5 Nd4 6. Bc4 d6 7. O-O Nf6 8.
h3 O-O 9. d3 e6 10. Nxd4 cxd4 11. Ne2 d5 12. exd5 Nxd5 13. Bd2 b6 14. c3
dxc3 15. Nxc3 Nxc3 16. Bxc3 b5 17. Bxg7 Kxg7 18. Qf3 Qb6+ 19. Rf2 Bb7 20.
Qe2 bxc4 21. dxc4 Qc5 22. Rc1 Rfd8 23. Qc2 Qd4 24. b4 Rac8 25. a4 Bd5 26.
Qb2 Qxb2 27. Rxb2 Rxc4 28. Rxc4 Bxc4 29. Rf2 Rd4 30. Rf3 Rd3 31. Rf2 Rb3
32. Rc2 Rxb4  0-1

[Event "2022 Zone 4.2 Individual Chess Championship Open"]
[Site "Lome, Hotel Saint Manick Annexe"]
[Date "2022.03.21"]
[Round "3"]
[Board "2"]
[White "Atabor, Job"]
[Black "Etukakpan, Leonard"]
[Result "1-0"]
[WhiteElo "1909"]
[BlackElo "2197"]
[PlyCount "70"]
[EventDate "2022.03.20"]
[EventRounds "9"]
[EventCountry "TOG"]

1. d4 c5 2. d5 e6 3. c4 exd5 4. cxd5 d6 5. Nc3 Be7 6. e4 Nf6 7. f4 O-O 8. Nf3
a6 9. a4 Re8 10. Be2 Bf8 11. e5 dxe5 12. fxe5 Ng4 13. Bf4 Nd7 14. e6 fxe6 15.
dxe6 Ndf6 16. Qxd8 Rxd8 17. Bc4 Be7 18. O-O Kh8 19. h3 Nh6 20. g4 Re8 21. Rae1
b6 22. Bc7 Nhg8 23. g5 Nh5 24. Ne5 g6 25. Nf7+ Kg7 26. Be5+ Bf6 27. gxf6+ Nhxf6
28. Ne4 Rxe6 29. Bxe6 Bxe6 30. Nxf6 Nxf6 31. Rxf6 Bxf7 32. Ref1 Be8 33. Re6+
Kh6 34. Rf8 Bc6 35. Rxa8 Bxa8  1-0

[Event "2022 Zone 4.2 Individual Chess Championship Open"]
[Site "Lome, Hotel Saint Manick Annexe"]
[Date "2022.03.21"]
[Round "3"]
[Board "3"]
[White "Balogun, Oluwafemi"]
[Black "Amako, Marc Arnold"]
[Result "1-0"]
[WhiteElo "2308"]
[BlackElo "1429"]
[PlyCount "60"]
[EventDate "2022.03.20"]
[EventRounds "9"]
[EventCountry "TOG"]

1. e4 e5 2. Nf3 Nf6 3. Nxe5 d6 4. Nf3 Nxe4 5. d4 d5 6. Bd3 Nc6 7. O-O Be7 8. c4
Nf6 9. Nc3 O-O 10. h3 Nb4 11. Be2 dxc4 12. Bxc4 Nbd5 13. Re1 c6 14. Bg5 h6 15.
Bh4 g5 16. Bg3 g4 17. hxg4 Bxg4 18. Qd2 Kg7 19. Be5 Bd6 20. Nxd5 Bxe5 21. Nxe5
cxd5 22. Bd3 Bh5 23. Qf4 Nh7 24. Qf5 Nf6 25. g4 Bg6 26. Nxg6 fxg6 27. Qxg6+ Kh8
28. Qxh6+ Kg8 29. Qg6+ Kh8 30. Kg2 Qd7  1-0

[Event "2022 Zone 4.2 Individual Chess Championship Open"]
[Site "Lome, Hotel Saint Manick Annexe"]
[Date "2022.03.21"]
[Round "3"]
[Board "8"]
[White "Toure, Yves"]
[Black "James, Tondo"]
[Result "0-1"]
[WhiteElo "1788"]
[BlackElo "1898"]
[PlyCount "52"]
[EventDate "2022.03.20"]
[EventRounds "9"]
[EventCountry "TOG"]

1. d4 Nf6 2. Bf4 d6 3. e3 g6 4. Nd2 Bg7 5. Be2 Nc6 6. Ngf3 Nh5 7. Bg5 O-O
8. c3 Qe8 9. O-O e5 10. Qc2 exd4 11. cxd4 d5 12. Rfc1 Be6 13. Nb3 a6 14.
Nc5 Rb8 15. Rab1 Bf5 16. Bd3 Nb4 17. Qb3 Nxd3 18. Nxd3 Qb5 19. Rc3 Qxb3 20.
Rxb3 f6 21. Bh4 g5 22. Bg3 Rfc8 23. Rc1 Nxg3 24. hxg3 Bxd3 25. Rxd3 c6 26.
b4 Bf8  0-1

[Event "2022 Zone 4.2 Individual Chess Championship Open"]
[Site "Lome, Hotel Saint Manick Annexe"]
[Date "2022.03.21"]
[Round "3"]
[Board "9"]
[White "Oluwadara, Adegbayi"]
[Black "Semeko, Lumen Paco"]
[Result "1-0"]
[WhiteElo "1898"]
[BlackElo "1404"]
[PlyCount "55"]
[EventDate "2022.03.20"]
[EventRounds "9"]
[EventCountry "TOG"]

1. c4 c5 2. Nc3 Nf6 3. g3 g6 4. Bg2 Bg7 5. e3 Nc6 6. a3 e6 7. Nge2 O-O 8. O-O
d5 9. cxd5 exd5 10. d4 cxd4 11. Nxd4 Nxd4 12. Qxd4 Ne4 13. Qb4 Nxc3 14. bxc3
Qc7 15. Bb2 Be6 16. Rac1 Rac8 17. c4 Bxb2 18. Qxb2 dxc4 19. Qxb7 Qxb7 20. Bxb7
Rb8 21. Ba6 Rb6 22. Bxc4 Bxc4 23. Rxc4 Rd6 24. Rb1 f5 25. h4 Rf7 26. Kg2 Rfd7
27. Rb2 a5 28. h5  1-0

[Event "2022 Zone 4.2 Individual Chess Championship Open"]
[Site "Lome, Hotel Saint Manick Annexe"]
[Date "2022.03.24"]
[Round "6"]
[Board "1"]
[White "Ortega Amarelle, Mariano"]
[Black "Anquandah, Francis Eric"]
[Result "1-0"]
[WhiteElo "2472"]
[BlackElo "1936"]
[PlyCount "59"]
[EventDate "2022.03.20"]
[EventRounds "9"]
[EventCountry "TOG"]

1. Nf3 Nf6 2. c4 e6 3. g3 b6 4. Bg2 Bb7 5. O-O Be7 6. d4 O-O 7. Re1 d6 8.
Nc3 Ne4 9. Qc2 Nxc3 10. Ng5 Ne4 11. Bxe4 Bxg5 12. Bxb7 Bxc1 13. Bxa8 Bg5
14. Bg2 Nd7 15. b4 f5 16. e3 Qe7 17. Qa4 h5 18. Qxa7 Nf6 19. a4 h4 20. a5
bxa5 21. bxa5 g6 22. a6 Qh7 23. f4 hxg3 24. h3 Ng4 25. fxg5 Nf2 26. Qb7 d5
27. a7 Nxh3+ 28. Bxh3 Qxh3 29. Ra2 f4 30. a8=Q  1-0

[Event "2022 Zone 4.2 Individual Chess Championship Open"]
[Site "Lome, Hotel Saint Manick Annexe"]
[Date "2022.03.24"]
[Round "6"]
[Board "2"]
[White "Adu-Poku, Kwabena"]
[Black "De Gondo, Simplice Armel"]
[Result "0-1"]
[WhiteElo "1950"]
[BlackElo "2119"]
[PlyCount "86"]
[EventDate "2022.03.20"]
[EventRounds "9"]
[EventCountry "TOG"]

1. d4 d5 2. c4 c6 3. Nf3 e6 4. g3 Nf6 5. Bg2 Nbd7 6. O-O a6 7. Nbd2 Be7 8.
Qc2 O-O 9. Rd1 b5 10. b3 Bb7 11. c5 b4 12. Bb2 a5 13. a4 h6 14. e4 dxe4 15.
Nxe4 Nd5 16. Re1 Re8 17. Rad1 Qc7 18. Ned2 Ba6 19. Nc4 Rab8 20. Nfe5 N7f6
21. Nxa5 Qxa5 22. Nxc6 Qc7 23. Nxb8 Rxb8 24. Ra1 Qc6 25. Rec1 Rc8 26. Bf1
Bxf1 27. Rxf1 Nc7 28. Bc1 Ne4 29. Bd2 Nxd2 30. Qxd2 Nd5 31. Rfc1 Bf6 32.
Rc4 Bd8 33. Rc2 Ba5 34. Qd3 Nc3 35. Rxc3 bxc3 36. Qb5 Qa8 37. Qc4 Qb8 38.
f4 Qb4 39. Qxb4 Bxb4 40. Kf1 Rd8 41. Ke2 Rxd4 42. Rd1 Rxd1 43. Kxd1 Kf8  0-1

[Event "2022 Zone 4.2 Individual Chess Championship Open"]
[Site "Lome, Hotel Saint Manick Annexe"]
[Date "2022.03.24"]
[Round "6"]
[Board "3"]
[White "Atabor, Job"]
[Black "Balogun, Oluwafemi"]
[Result "1-0"]
[WhiteElo "1909"]
[BlackElo "2308"]
[PlyCount "101"]
[EventDate "2022.03.20"]
[EventRounds "9"]
[EventCountry "TOG"]

1. d4 Nf6 2. c4 g6 3. Nc3 Bg7 4. Nf3 O-O 5. Bg5 d6 6. e3 h6 7. Bh4 c5 8.
Be2 Bf5 9. O-O Nc6 10. Rc1 Ne4 11. Nxe4 Bxe4 12. Nd2 Bf5 13. Nb3 a5 14. g4
Bd7 15. dxc5 a4 16. Nd4 dxc5 17. Nb5 Bxb2 18. Rc2 Bf6 19. Bxf6 exf6 20. Rd2
Nb8 21. Bf3 Qe7 22. Bxb7 Bxg4 23. Qxg4 Qxb7 24. Rfd1 Ra6 25. Rd8 Rb6 26. a3
Qe7 27. Qc8 Nc6 28. Rxf8+ Qxf8 29. Qxf8+ Kxf8 30. Rd5 Ne5 31. Rxc5 h5 32.
Rc8+ Kg7 33. Kg2 h4 34. Nd4 Rb1 35. c5 Rc1 36. c6 g5 37. h3 Nc4 38. Nf5+
Kh7 39. c7 Nxa3 40. Nd6 f5 41. Nxf7 Nb5 42. Nxg5+ Kg7 43. Ne6+ Kh7 44. Ra8
Nd6 45. Rxa4 Kg6 46. Ra6 Nc8 47. Ra8 Ne7 48. Nf4+ Kf7 49. Nd5 Ke6 50. Nxe7
Rxc7 51. Nc8  1-0

[Event "2022 Zone 4.2 Individual Chess Championship Open"]
[Site "Lome, Hotel Saint Manick Annexe"]
[Date "2022.03.24"]
[Round "6"]
[Board "4"]
[White "Etukakpan, Leonard"]
[Black "Onokpite, Kennedy"]
[Result "1-0"]
[WhiteElo "2197"]
[BlackElo "2172"]
[PlyCount "57"]
[EventDate "2022.03.20"]
[EventRounds "9"]
[EventCountry "TOG"]

1. d4 d5 2. c4 e6 3. Nc3 Be7 4. Nf3 Nf6 5. Bg5 h6 6. Bh4 O-O 7. e3 Nbd7 8.
Bd3 dxc4 9. Bxc4 c5 10. O-O cxd4 11. exd4 Nb6 12. Bb3 Nbd5 13. Ne5 Nxc3 14.
bxc3 Nd7 15. Bxe7 Qxe7 16. f4 b6 17. Qf3 Ba6 18. Rfe1 Nxe5 19. Rxe5 Bb7 20.
Qg3 Qd7 21. Rae1 Bd5 22. f5 Bxb3 23. f6 g6 24. axb3 Qc7 25. Qh3 Qd8 26. Rf1
Kh7 27. Rf4 g5 28. Rxg5 Rg8 29. Rxg8  1-0

[Event "2022 Zone 4.2 Individual Chess Championship Open"]
[Site "Lome, Hotel Saint Manick Annexe"]
[Date "2022.03.24"]
[Round "6"]
[Board "5"]
[White "James, Tondo"]
[Black "Bobby, Ballah"]
[Result "1-0"]
[WhiteElo "1898"]
[BlackElo "2040"]
[PlyCount "57"]
[EventDate "2022.03.20"]
[EventRounds "9"]
[EventCountry "TOG"]

1. Nf3 d5 2. b3 c5 3. Bb2 Nc6 4. d3 d4 5. e3 e5 6. exd4 cxd4 7. Qe2 Nf6 8.
Nbd2 Bg4 9. h3 Bxf3 10. gxf3 Nd5 11. O-O-O b5 12. Re1 Bb4 13. Bxd4 Bxd2+
14. Kxd2 Nxd4 15. Qxe5+ Ne6 16. f4 Qa5+ 17. Kc1 Rc8 18. f5 O-O 19. fxe6
Rxc2+ 20. Kxc2 Rc8+ 21. Kd1 Nc3+ 22. Kd2 f6 23. Qd4 Ne4+ 24. Ke2 Qd2+ 25.
Kf3 Ng5+ 26. Kg3 Qxe1 27. Be2 Qa5 28. Qd7 Rd8 29. e7  1-0

[Event "2022 Zone 4.2 Individual Chess Championship Open"]
[Site "Lome, Hotel Saint Manick Annexe"]
[Date "2022.03.25"]
[Round "7"]
[Board "2"]
[White "De Gondo, Simplice Armel"]
[Black "James, Tondo"]
[Result "1-0"]
[WhiteElo "2119"]
[BlackElo "1898"]
[PlyCount "95"]
[EventDate "2022.03.20"]
[EventRounds "9"]
[EventCountry "TOG"]

1. e4 Nc6 2. Bc4 Nf6 3. d4 d5 4. exd5 Nxd5 5. Nf3 Bg4 6. c3 e6 7. h3 Bh5 8. Qe2
Be7 9. O-O g5 10. Bb5 Rg8 11. Qc4 Bxf3 12. Bxc6+ bxc6 13. Qxc6+ Kf8 14. gxf3
Nf4 15. Bxf4 gxf4+ 16. Kh2 Rb8 17. Nd2 Rb6 18. Qe4 f5 19. Qc2 e5 20. Qxf5+ Rf6
21. Qxh7 Rg7 22. Qh8+ Kf7 23. Qxd8 Bxd8 24. dxe5 Rh6 25. Rg1 Rgh7 26. Kg2 Rxh3
27. Rh1 Rxh1 28. Rxh1 Rxh1 29. Kxh1 Ke6 30. Nc4 Kd5 31. b3 c6 32. Kg2 Bb6 33.
Kf1 Bc5 34. Ke2 a6 35. Nb2 Ba3 36. Nd3 a5 37. Nxf4+ Kxe5 38. Ng2 Bb2 39. Kd3
Bc1 40. Ne3 Kf4 41. Nc4 Kxf3 42. Nxa5 c5 43. Nb7 Ba3 44. Kc4 Kxf2 45. Nxc5 Ke3
46. b4 Kf4 47. Kb3 Bc1 48. Nd3+  1-0